Normal view
MARC view
- الاحصاء
Entry Topical Term
001 - CONTROL NUMBER
- control field: 19121
003 - CONTROL NUMBER IDENTIFIER
- control field: JO-AjAnu
005 - DATE AND TIME OF LATEST TRANSACTION
- control field: 20230606073339.0
008 - FIXED-LENGTH DATA ELEMENTS
- fixed length control field: 230606|| aca||aabn | a|a d
040 ## - CATALOGING SOURCE
- Original cataloging agency: JO-AjAnu
- Transcribing agency: JO-AjAnu
150 ## - HEADING--TOPICAL TERM
- Topical term or geographic name entry element: الاحصاء
670 ## - SOURCE DATA FOUND
- Source citation: Work cat.: (JO-AjAnu)9811: احمد، فاروق عبد العظيم /م.مشارك: مختار محمود الهانسي،امتثال محمد حسن, author 19120, الاحصاء